[Event "Calgary 14th"]
[Site "Calgary"]
[Date "2023.12.29"]
[Round "6"]
[White "Doknjas, Neil"]
[Black "Findlay, Ian T"]
[Result "1-0"]
[WhiteElo "2254"]
[BlackElo "2126"]
[PlyCount "51"]
[EventDate "2023.12.26"]
[EventType "swiss"]
[EventRounds "9"]
[EventCountry "CAN"]
[SourceTitle "CB02_2024"]
[SourceDate "2024.01.10"]
[SourceVersion "1"]
[SourceVersionDate "2024.01.10"]
[SourceQuality "1"]

1. e4 c5 2. Nf3 d6 3. d4 cxd4 4. Nxd4 Nf6 5. Nc3 g6 6. Be3 Bg7 7. f3 Nc6 8. Qd2 0-0 9. Bc4 Bd7 10. 0-0-0 Rc8 11. Nxc6 Bxc6 12. Bb3 b5 13. Bxa7 Qa5 14. Bd4 b4 15. Nd5 Nxd5 16. Bxg7 Kxg7 17. exd5 Ba4 18. c4 Rc7 19. Bxa4 Qxa4 20. b3 Qa6 21. Kb1 Ra8 22. Rhe1 Kg8 23. Re2 Qb6 24. h4 Rca7 25. Qf4 Ra3 26. Rxe7 1-0

[Event "Calgary 14th"]
[Site "Calgary"]
[Date "2023.12.29"]
[Round "7"]
[White "Wu, Jonathan"]
[Black "Findlay, Ian T"]
[Result "1/2-1/2"]
[WhiteElo "2015"]
[BlackElo "2126"]
[PlyCount "52"]
[EventDate "2023.12.26"]
[EventType "swiss"]
[EventRounds "9"]
[EventCountry "CAN"]
[SourceTitle "CB02_2024"]
[SourceDate "2024.01.10"]
[SourceVersion "1"]
[SourceVersionDate "2024.01.10"]
[SourceQuality "1"]

1. e4 c5 2. Nf3 d6 3. d4 cxd4 4. Nxd4 Nf6 5. Nc3 g6 6. Be3 Bg7 7. f3 Nc6 8. Qd2 0-0 9. Bc4 Bd7 10. 0-0-0 Rc8 11. Nxc6 Bxc6 12. Bb3 b5 13. Bxa7 b4 14. Nd5 Nxd5 15. exd5 Qa5 16. Qe3 Ba4 17. Bd4 Bxd4 18. Rxd4 Rc5 19. Rhd1 Ra8 20. Kb1 Rac8 21. R1d2 Bxb3 22. Qxb3 Qb5 23. Qd3 Qb6 24. Qb3 Qb5 25. Qd3 Qa5 26. Qb3 Qb5 1/2-1/2

[Event "Calgary 14th"]
[Site "Calgary"]
[Date "2023.12.26"]
[Round "1"]
[White "Gomez Garrido, Camilo Ernesto"]
[Black "Findlay, Ian T"]
[Result "1-0"]
[WhiteElo "2481"]
[BlackElo "2126"]
[PlyCount "59"]
[EventDate "2023.12.26"]
[EventType "swiss"]
[EventRounds "9"]
[EventCountry "CAN"]
[SourceTitle "CB02_2024"]
[SourceDate "2024.01.10"]
[SourceVersion "1"]
[SourceVersionDate "2024.01.10"]
[SourceQuality "1"]

1. e4 c5 2. Nf3 d6 3. c3 Nf6 4. h3 g6 5. Bd3 Bg7 6. Bc2 Nc6 7. d4 cxd4 8. cxd4 0-0 9. 0-0 Nb4 10. Bb3 Bd7 11. Nc3 Rc8 12. Re1 Nc6 13. Bg5 h6 14. Bh4 Nh5 15. e5 dxe5 16. dxe5 Be6 17. Nd5 Bxd5 18. Bxd5 g5 19. Bxg5 hxg5 20. Nxg5 Nf6 21. exf6 exf6 22. Ne4 f5 23. Nd6 Nd4 24. Nxc8 Qxc8 25. Rc1 Qd7 26. Bc4 b5 27. Bf1 Rd8 28. Qh5 Kf8 29. Rc5 f4 30. Bxb5 1-0

[Event "Banff op"]
[Site "Banff"]
[Date "2023.11.12"]
[Round "6"]
[White "Boehmer, Kris"]
[Black "Findlay, Ian T"]
[Result "1/2-1/2"]
[WhiteElo "2038"]
[BlackElo "2132"]
[PlyCount "55"]
[EventDate "2023.11.10"]
[EventType "swiss"]
[EventRounds "6"]
[EventCountry "CAN"]
[SourceTitle "CB47_2023"]
[SourceDate "2023.11.22"]
[SourceVersion "1"]
[SourceVersionDate "2023.11.22"]
[SourceQuality "1"]

1. d4 Nf6 2. c4 c5 3. d5 e6 4. Nc3 exd5 5. cxd5 d6 6. Nf3 g6 7. g3 Bg7 8. Bg2 0-0 9. 0-0 Nbd7 10. Bf4 Qe7 11. a4 Ng4 12. Bg5 f6 13. Bd2 Nde5 14. Re1 f5 15. h3 Nf6 16. Ng5 h6 17. Ne6 Bxe6 18. dxe6 Qxe6 19. f4 Nc6 20. e4 fxe4 21. Nxe4 Nxe4 22. Rxe4 Qf7 23. Bc3 Nd4 24. Qd3 Rae8 25. Bxd4 Bxd4+ 26. Rxd4 cxd4 27. Bd5 Qxd5 28. Qxg6+ 1/2-1/2

[Event "Banff op"]
[Site "Banff"]
[Date "2023.11.11"]
[Round "3"]
[White "Findlay, Ian T"]
[Black "Zhu, Brandon"]
[Result "1/2-1/2"]
[WhiteElo "2132"]
[BlackElo "1998"]
[PlyCount "25"]
[EventDate "2023.11.10"]
[EventType "swiss"]
[EventRounds "6"]
[EventCountry "CAN"]
[SourceTitle "CB47_2023"]
[SourceDate "2023.11.22"]
[SourceVersion "1"]
[SourceVersionDate "2023.11.22"]
[SourceQuality "1"]

1. e4 e5 2. Nf3 Nc6 3. Bb5 Nf6 4. 0-0 Nxe4 5. d4 Nd6 6. dxe5 Nxb5 7. a4 Nbd4 8. Nxd4 d5 9. exd6 Nxd4 10. Qxd4 Qxd6 11. Qe4+ Qe6 12. Qd4 Qd6 13. Qe4+ 1/2-1/2

[Event "Banff op"]
[Site "Banff"]
[Date "2023.11.10"]
[Round "2"]
[White "Booker, Brad"]
[Black "Findlay, Ian T"]
[Result "1/2-1/2"]
[WhiteElo "2026"]
[BlackElo "2132"]
[PlyCount "81"]
[EventDate "2023.11.10"]
[EventType "swiss"]
[EventRounds "6"]
[EventCountry "CAN"]
[SourceTitle "CB47_2023"]
[SourceDate "2023.11.22"]
[SourceVersion "1"]
[SourceVersionDate "2023.11.22"]
[SourceQuality "1"]

1. e4 c5 2. Nf3 d6 3. Bb5+ Nc6 4. 0-0 Bd7 5. c3 a6 6. Ba4 Nf6 7. Re1 e6 8. d4 cxd4 9. cxd4 d5 10. e5 Ne4 11. Bc2 Nb4 12. Bxe4 dxe4 13. Rxe4 Bc6 14. Re3 Be7 15. Nc3 0-0 16. a3 Nd5 17. Rd3 Rc8 18. Bd2 b5 19. Rc1 Nb6 20. Qe2 h6 21. Ne4 b4 22. Nf6+ Bxf6 23. exf6 Qxf6 24. Rxc6 Rxc6 25. Ne5 Rc2 26. Qd1 Rfc8 27. Rf3 Qd8 28. Rf4 Qc7 29. h4 f6 30. Nd3 bxa3 31. bxa3 Nd5 32. Rg4 Kh7 33. Nc5 Rxc5 34. dxc5 Qxc5 35. Qe2 Qc6 36. h5 Ne7 37. Rg3 Nf5 38. Rc3 Qd7 39. Qxa6 Rxc3 40. Bxc3 Qd1+ 41. Qf1 1/2-1/2

[Event "Banff op"]
[Site "Banff"]
[Date "2023.11.10"]
[Round "1"]
[White "Findlay, Ian T"]
[Black "Pivovarov, Juraj"]
[Result "1-0"]
[WhiteElo "2132"]
[BlackElo "1775"]
[PlyCount "151"]
[EventDate "2023.11.10"]
[EventType "swiss"]
[EventRounds "6"]
[EventCountry "CAN"]
[SourceTitle "CB47_2023"]
[SourceDate "2023.11.22"]
[SourceVersion "1"]
[SourceVersionDate "2023.11.22"]
[SourceQuality "1"]

1. e4 c5 2. Nf3 Nc6 3. d4 cxd4 4. Nxd4 g6 5. Nc3 Bg7 6. Be3 Nf6 7. Bc4 Qa5 8. 0-0 0-0 9. Bb3 d6 10. h3 Bd7 11. Re1 Nxd4 12. Bxd4 Bc6 13. Nd5 Bxd5 14. exd5 Rfe8 15. c4 Rac8 16. Re3 Nh5 17. Re4 Bxd4 18. Qxd4 Nf6 19. Re3 Nd7 20. Rae1 Nc5 21. R1e2 Qb6 22. Rxe7 Rxe7 23. Rxe7 Nxb3 24. Qxb6 axb6 25. axb3 b5 26. Rxb7 bxc4 27. bxc4 Rxc4 28. Rb6 Rc5 29. Rxd6 Rb5 30. g4 Kf8 31. Rd8+ Ke7 32. Rh8 Rxb2 33. Rxh7 Rd2 34. h4 Rxd5 35. Kg2 Rd3 36. f3 Ke6 37. Kg3 Rd4 38. h5 gxh5 39. Rxh5 Kf6 40. Rh6+ Kg7 41. g5 Ra4 42. Rd6 Rb4 43. f4 Ra4 44. Rd7 Rb4 45. f5 Kf8 46. f6 Kg8 47. Re7 Ra4 48. Kf3 Rb4 49. Re4 Rb5 50. Kf4 Ra5 51. Re8+ Kh7 52. Rf8 Ra4+ 53. Kf5 Ra5+ 54. Kg4 Ra4+ 55. Kh5 Ra7 56. Re8 Ra1 57. Rf8 Ra7 58. Kg4 Ra4+ 59. Kf5 Ra5+ 60. Kf4 Ra4+ 61. Ke5 Ra5+ 62. Kd6 Ra6+ 63. Ke7 Ra7+ 64. Ke8 Kg6 65. Rg8+ Kf5 66. Kf8 Ke6 67. Kg7 Ra5 68. Re8+ Kf5 69. g6 fxg6 70. f7 Ra7 71. Kg8 Rxf7 72. Kxf7 g5 73. Kg7 g4 74. Kh6 Kf4 75. Kh5 g3 76. Kh4 1-0

[Event "WchT Seniors 50"]
[Site "Struga"]
[Date "2023.09.27"]
[Round "8.3"]
[White "Findlay, Ian T"]
[Black "Stanojoski, Zvonko"]
[Result "1/2-1/2"]
[WhiteElo "2123"]
[BlackElo "2351"]
[PlyCount "115"]
[EventDate "2023.09.19"]
[EventType "team-swiss"]
[EventRounds "9"]
[EventCountry "MKD"]
[SourceTitle "EXT 2024"]
[Source "ChessBase"]
[SourceDate "2023.10.10"]
[SourceVersion "1"]
[SourceVersionDate "2023.10.10"]
[SourceQuality "1"]
[WhiteTeam "Canada 50"]
[BlackTeam "Macedonia Alkaloid 50"]
[WhiteTeamCountry "CAN"]
[BlackTeamCountry "MKD"]

1. e4 c5 2. Nf3 d6 3. d4 cxd4 4. Nxd4 Nf6 5. Nc3 a6 6. Be2 g6 7. g4 Bg7 8. g5 Nfd7 9. Be3 b5 10. Qd2 Bb7 11. a3 Nb6 12. h4 N8d7 13. h5 Rc8 14. h6 Bf8 15. 0-0-0 Nc4 16. Bxc4 Rxc4 17. b3 Rc8 18. Kb2 Nc5 19. f3 e6 20. Nde2 Be7 21. Bf4 e5 22. Be3 Ne6 23. Rhg1 0-0 24. Nd5 Bxd5 25. exd5 Nc5 26. Nc3 f5 27. gxf6 Bxf6 28. Ne4 Nxe4 29. fxe4 Qd7 30. Rdf1 Qh3 31. Rf2 Be7 32. Rgg2 Rf3 33. Bg5 Bf8 34. Qe2 Rg3 35. Rxg3 Qxg3 36. Qf3 Qxf3 37. Rxf3 Rc7 38. Rc3 Rxc3 39. Kxc3 Kf7 40. Kb4 Be7 41. Be3 Bd8 42. c4 bxc4 43. Kxc4 g5 44. b4 Kg6 45. a4 Kxh6 46. b5 axb5+ 47. axb5 Kg6 48. b6 h5 49. Kd3 h4 50. Ke2 Kh5 51. b7 Bc7 52. Ba7 Kg4 53. b8Q Bxb8 54. Bxb8 Kf4 55. Bxd6 Kxe4 56. Be7 Kxd5 57. Bxg5 h3 58. Kf3 1/2-1/2

[Event "WchT Seniors 50"]
[Site "Struga"]
[Date "2023.09.22"]
[Round "4.3"]
[White "Dobrotka, Martin"]
[Black "Findlay, Ian T"]
[Result "0-1"]
[WhiteElo "2207"]
[BlackElo "2123"]
[PlyCount "79"]
[EventDate "2023.09.19"]
[EventType "team-swiss"]
[EventRounds "9"]
[EventCountry "MKD"]
[SourceTitle "EXT 2024"]
[Source "ChessBase"]
[SourceDate "2023.10.10"]
[SourceVersion "1"]
[SourceVersionDate "2023.10.10"]
[SourceQuality "1"]
[WhiteTeam "Slovakia 50"]
[BlackTeam "Canada 50"]
[WhiteTeamCountry "SVK"]
[BlackTeamCountry "CAN"]

1. Nf3 Nf6 2. g3 d5 3. Bg2 e6 4. 0-0 Be7 5. d3 c5 6. c3 Nc6 7. Nbd2 0-0 8. Re1 b6 9. e4 Ba6 10. e5 Nd7 11. Nf1 Qc7 12. Bf4 Rfc8 13. h4 h6 14. N1h2 Qd8 15. Qd2 Rab8 16. h5 Nf8 17. Ng4 Nh7 18. Rad1 b5 19. Bh3 b4 20. Bxh6 gxh6 21. Nxh6+ Kg7 22. Nxf7 Kxf7 23. Qf4+ Kg7 24. Bxe6 Qf8 25. Qg4+ Kh8 26. Bxd5 Bb7 27. Be4 Nd8 28. Bxb7 Rxb7 29. d4 bxc3 30. bxc3 cxd4 31. Qxc8 Qxf3 32. Rxd4 Rb2 33. Rxd8+ Bxd8 34. Qxd8+ Kg7 35. Qd4 Ng5 36. e6+ Kh7 37. Qxa7+ Rb7 38. Qc5 Nh3+ 39. Kh2 Nxf2 40. Rg1 0-1

[Event "WchT Seniors 50"]
[Site "Struga"]
[Date "2023.09.21"]
[Round "3.3"]
[White "Findlay, Ian T"]
[Black "Atanasov, K Sande"]
[Result "1-0"]
[WhiteElo "2123"]
[BlackElo "1768"]
[PlyCount "89"]
[EventDate "2023.09.19"]
[EventType "team-swiss"]
[EventRounds "9"]
[EventCountry "MKD"]
[SourceTitle "EXT 2024"]
[Source "ChessBase"]
[SourceDate "2023.10.10"]
[SourceVersion "1"]
[SourceVersionDate "2023.10.10"]
[SourceQuality "1"]
[WhiteTeam "Canada 50"]
[BlackTeam "Macedonia Blind 50"]
[WhiteTeamCountry "CAN"]
[BlackTeamCountry "MKD"]

1. e4 c5 2. Nf3 d6 3. d4 cxd4 4. Nxd4 Nc6 5. Nc3 Nf6 6. Bg5 e6 7. Qd2 Be7 8. 0-0-0 Bd7 9. Ndb5 Qa5 10. Nxd6+ Bxd6 11. Bxf6 gxf6 12. Qxd6 0-0-0 13. Qf4 Qg5 14. g3 Ne5 15. Qxg5 fxg5 16. Be2 Ng6 17. Nb5 Bxb5 18. Bxb5 Kc7 19. Rxd8 Rxd8 20. Rd1 Rxd1+ 21. Kxd1 f6 22. Kd2 Ne7 23. Ke3 Nc8 24. Kd4 Kd6 25. b4 a6 26. Be8 Ke7 27. Ba4 b5 28. Bb3 Kd6 29. c4 Na7 30. a4 e5+ 31. Kc3 Kc6 32. cxb5+ axb5 33. Bd5+ Kb6 34. a5+ Kc7 35. h4 h6 36. Kd3 Nc8 37. Ke3 Nd6 38. hxg5 hxg5 39. f4 gxf4+ 40. gxf4 exf4+ 41. Kxf4 Kb8 42. Ke3 Ne8 43. Kd4 Ka7 44. Kc5 Nc7 45. Bc6 1-0

[Event "WchT Seniors 50"]
[Site "Struga"]
[Date "2023.09.19"]
[Round "1.3"]
[White "Findlay, Ian T"]
[Black "Ehlvest, Jaan"]
[Result "0-1"]
[WhiteElo "2123"]
[BlackElo "2530"]
[PlyCount "48"]
[EventDate "2023.09.19"]
[EventType "team-swiss"]
[EventRounds "9"]
[EventCountry "MKD"]
[SourceTitle "EXT 2024"]
[Source "ChessBase"]
[SourceDate "2023.10.10"]
[SourceVersion "1"]
[SourceVersionDate "2023.10.10"]
[SourceQuality "1"]
[WhiteTeam "Canada 50"]
[BlackTeam "United States 50"]
[WhiteTeamCountry "CAN"]
[BlackTeamCountry "USA"]

1. e4 g6 2. d4 Bg7 3. Nf3 d6 4. Be2 Nd7 5. Nc3 e5 6. 0-0 Ngf6 7. dxe5 dxe5 8. Be3 0-0 9. Nd2 Qe7 10. Nb3 c6 11. a4 a5 12. Qd2 Re8 13. f3 Nh5 14. g3 Bf8 15. Nb1 f5 16. exf5 gxf5 17. Na3 f4 18. Bf2 fxg3 19. hxg3 Qg7 20. Kh2 Ndf6 21. Nc4 Be6 22. Ne3 Kh8 23. Ng2 Bb4 24. Qc1 Nxg3 0-1

[Event "Banff op"]
[Site "Banff"]
[Date "2022.11.12"]
[Round "4"]
[White "Kim, Noah"]
[Black "Findlay, Ian T"]
[Result "1-0"]
[WhiteElo "1858"]
[BlackElo "2154"]
[PlyCount "67"]
[EventDate "2022.11.11"]
[EventType "swiss"]
[EventRounds "6"]
[EventCountry "CAN"]
[SourceTitle "CBM 211 Extra"]
[Source "ChessBase"]
[SourceDate "2023.01.31"]
[SourceVersion "1"]
[SourceVersionDate "2023.01.31"]
[SourceQuality "1"]

1. e4 c5 2. Nf3 e6 3. g3 Nc6 4. Bg2 Nf6 5. Qe2 d5 6. exd5 Nxd5 7. 0-0 Be7 8. Rd1 0-0 9. d4 cxd4 10. Nxd4 Nxd4 11. Rxd4 Bf6 12. Rd1 Qb6 13. c4 Qa6 14. Nd2 Nb6 15. Ne4 Be7 16. b3 e5 17. Bb2 f6 18. Nc3 Bf5 19. Nb5 Rad8 20. a3 Nc8 21. Rxd8 Rxd8 22. Qf3 Bc2 23. Rc1 e4 24. Qe3 Rd3 25. Qe2 Bxb3 26. Bxe4 Rd8 27. Qh5 g6 28. Qe2 Ba4 29. Bd5+ Kh8 30. Nc7 Qb6 31. Ne6 Rd7 32. Bd4 Qb3 33. Nc5 Qxa3 34. Ra1 1-0

[Event "Titled Tuesday intern op 18th Jan"]
[Site "Chess.com INT"]
[Date "2022.01.18"]
[Round "5"]
[White "Findlay, Ian T"]
[Black "Jodorcovsky Werjivker, Paulo"]
[Result "1/2-1/2"]
[WhiteElo "2156"]
[BlackElo "2213"]
[PlyCount "104"]
[EventDate "2022.01.18"]
[EventType "swiss (blitz)"]
[EventRounds "11"]
[EventCountry "USA"]
[SourceTitle "CBM 206 Extra"]
[Source "ChessBase"]
[SourceDate "2022.03.31"]
[SourceVersion "1"]
[SourceVersionDate "2022.03.31"]
[SourceQuality "1"]

1. e4 e5 2. Nf3 Nc6 3. Bb5 a6 4. Bxc6 dxc6 5. 0-0 f6 6. d4 exd4 7. Nxd4 Bc5 8. Nb3 Qxd1 9. Rxd1 Bb6 10. a4 Be6 11. a5 Ba7 12. Bf4 Rc8 13. Nc3 Ne7 14. Na4 Bxb3 15. cxb3 Ng6 16. Bg3 Ke7 17. Kf1 Ne5 18. f3 Rhd8 19. Ke2 Rxd1 20. Rxd1 Rd8 21. Rxd8 Kxd8 22. Nc3 Bc5 23. f4 Ng4 24. h3 Nh6 25. Na2 Bd4 26. Nc3 Nf7 27. Kd3 Bc5 28. Na2 Nd6 29. b4 Bg1 30. f5 Nb5 31. Bf4 Bd4 32. Nc3 Nxc3 33. bxc3 Be5 34. Bxe5 fxe5 35. g4 Ke7 36. g5 b6 37. Kc4 Kd6 38. h4 Ke7 39. Kb3 Kd6 40. Ka4 Ke7 41. axb6 cxb6 42. c4 Kd6 43. c5+ bxc5 44. bxc5+ Kxc5 45. h5 Kd6 46. f6 Ke6 47. fxg7 Kf7 48. h6 c5 49. Ka5 Kg8 50. Ka4 Kf7 51. Ka5 Kg8 52. Ka4 Kf7 1/2-1/2

[Event "Titled Tuesday intern op 18th Jan"]
[Site "Chess.com INT"]
[Date "2022.01.18"]
[Round "4"]
[White "Findlay, Ian T"]
[Black "Tanenbaum, Zachary Chen"]
[Result "0-1"]
[WhiteElo "2156"]
[BlackElo "2148"]
[PlyCount "70"]
[EventDate "2022.01.18"]
[EventType "swiss (blitz)"]
[EventRounds "11"]
[EventCountry "USA"]
[SourceTitle "CBM 206 Extra"]
[Source "ChessBase"]
[SourceDate "2022.03.31"]
[SourceVersion "1"]
[SourceVersionDate "2022.03.31"]
[SourceQuality "1"]

1. e4 e5 2. Nf3 Nc6 3. Bb5 a6 4. Bxc6 dxc6 5. 0-0 Qd6 6. Na3 Be6 7. c3 0-0-0 8. d4 Bg4 9. Be3 exd4 10. cxd4 Qg6 11. Ne5 Bxd1 12. Nxg6 hxg6 13. Rfxd1 Bxa3 14. bxa3 Nf6 15. f3 Rde8 16. Rab1 Nd5 17. Bd2 Nb6 18. Bc3 f5 19. d5 fxe4 20. dxc6 exf3 21. cxb7+ Kxb7 22. Bxg7 Rh7 23. Bd4 Re2 24. Rb2 Rd7 25. Rbd2 Nc4 26. Rd3 Rxg2+ 27. Kh1 Rxa2 28. Rxf3 Nd2 29. Rd3 c5 30. R3xd2 Rxd2 31. Rxd2 cxd4 32. Kg2 Kc6 33. Kf3 Kd5 34. Kg4 Ke4 35. h4 Ke3 0-1

[Event "Titled Tuesday intern op 18th Jan"]
[Site "Chess.com INT"]
[Date "2022.01.18"]
[Round "8"]
[White "Findlay, Ian T"]
[Black "Yushko, Olga"]
[Result "1/2-1/2"]
[WhiteElo "2156"]
[BlackElo "2064"]
[PlyCount "65"]
[EventDate "2022.01.18"]
[EventType "swiss (blitz)"]
[EventRounds "11"]
[EventCountry "USA"]
[SourceTitle "CBM 206 Extra"]
[Source "ChessBase"]
[SourceDate "2022.03.31"]
[SourceVersion "1"]
[SourceVersionDate "2022.03.31"]
[SourceQuality "1"]

1. e4 d6 2. d4 e5 3. Nf3 Nf6 4. Nc3 Nbd7 5. Bc4 Be7 6. 0-0 0-0 7. a4 c6 8. b3 Qc7 9. Ba3 Re8 10. Qd2 h6 11. Rfe1 Nf8 12. h3 Be6 13. d5 Bd7 14. dxc6 bxc6 15. Rad1 c5 16. Nb5 Bxb5 17. Bxb5 Red8 18. Bc4 Rab8 19. Nh4 Ne6 20. Nf5 Bf8 21. Qe3 Nd4 22. Rd2 Kh7 23. Qg3 g6 24. Nh4 Bg7 25. f4 Nh5 26. Qg4 Nxf4 27. Nf3 f5 28. Qh4 fxe4 29. Ng5+ Kh8 30. Nf7+ Kh7 31. Ng5+ Kh8 32. Nf7+ Kh7 33. Ng5+ 1/2-1/2

[Event "Titled Tuesday intern op 21st Dec"]
[Site "Chess.com INT"]
[Date "2021.12.21"]
[Round "6"]
[White "Findlay, Ian T"]
[Black "Gurevich, Dmitry"]
[Result "0-1"]
[WhiteElo "2156"]
[BlackElo "2358"]
[PlyCount "96"]
[EventDate "2021.12.21"]
[EventType "swiss (blitz)"]
[EventRounds "11"]
[EventCountry "USA"]
[SourceTitle "CBM 205 Extra"]
[Source "ChessBase"]
[SourceDate "2022.01.31"]
[SourceVersion "1"]
[SourceVersionDate "2022.01.31"]
[SourceQuality "1"]

1. e4 c5 2. Nf3 d6 3. d4 cxd4 4. Nxd4 Nf6 5. Nc3 Nc6 6. Bg5 g6 7. Bxf6 exf6 8. Qd2 Bg7 9. 0-0-0 0-0 10. h4 Nxd4 11. Qxd4 f5 12. Qd3 fxe4 13. Nxe4 Bf5 14. f3 Rc8 15. g4 Bxe4 16. fxe4 Qf6 17. Qb3 Rc6 18. c3 Rfc8 19. Kb1 Rb6 20. g5 Qf3 21. Bb5 a6 22. Rhf1 Qxe4+ 23. Bd3 Rxb3 24. Bxe4 Rb6 25. Ka1 Be5 26. Bd5 Rc7 27. Rf3 Rb5 28. Bb3 Kg7 29. Rdf1 d5 30. Rd3 Rcc5 31. Rfd1 a5 32. Rxd5 Rxd5 33. Rxd5 Rxd5 34. Bxd5 b6 35. Bf3 Bg3 36. h5 Bf4 37. hxg6 hxg6 38. Kb1 Bxg5 39. Kc2 f5 40. b4 Bd8 41. a3 Kf6 42. Kd3 Ke5 43. c4 g5 44. c5 bxc5 45. bxc5 g4 46. Bb7 f4 47. Bc8 g3 48. Bb7 Be7 0-1

[Event "Titled Tuesday intern op 21st Dec"]
[Site "Chess.com INT"]
[Date "2021.12.21"]
[Round "1"]
[White "Findlay, Ian T"]
[Black "Lugovskoy, Maxim"]
[Result "1-0"]
[WhiteElo "2156"]
[BlackElo "2423"]
[PlyCount "79"]
[EventDate "2021.12.21"]
[EventType "swiss (blitz)"]
[EventRounds "11"]
[EventCountry "USA"]
[SourceTitle "CBM 205 Extra"]
[Source "ChessBase"]
[SourceDate "2022.01.31"]
[SourceVersion "1"]
[SourceVersionDate "2022.01.31"]
[SourceQuality "1"]

1. e4 e6 2. d4 d5 3. Nd2 Nc6 4. Ngf3 Nf6 5. e5 Nd7 6. Be2 f6 7. exf6 Qxf6 8. Nf1 h6 9. Ne3 Bd6 10. 0-0 0-0 11. c4 Kh8 12. cxd5 exd5 13. Nxd5 Qf7 14. Nc3 Nf6 15. Nb5 Bg4 16. Nxd6 cxd6 17. h3 Bh5 18. Bf4 Ne4 19. Bh2 Rae8 20. d5 Nd8 21. Ng5 hxg5 22. Bxh5 g6 23. Bf3 Qf5 24. Bxe4 Rxe4 25. Bxd6 Rfe8 26. Bg3 Nf7 27. d6 g4 28. hxg4 Rxg4 29. Re1 Rd8 30. Re7 Kg8 31. Qb3 Kf8 32. Rae1 b6 33. Qc3 Rg5 34. d7 Kg8 35. Re8+ Kh7 36. Rxd8 Rxg3 37. Qxg3 Nxd8 38. Qh4+ Kg7 39. Qxd8 Qe4 40. Rxe4 1-0

[Event "Titled Tuesday intern op 21st Dec"]
[Site "Chess.com INT"]
[Date "2021.12.21"]
[Round "2"]
[White "Karttunen, Mika"]
[Black "Findlay, Ian T"]
[Result "1/2-1/2"]
[WhiteElo "2484"]
[BlackElo "2156"]
[PlyCount "64"]
[EventDate "2021.12.21"]
[EventType "swiss (blitz)"]
[EventRounds "11"]
[EventCountry "USA"]
[SourceTitle "CBM 205 Extra"]
[Source "ChessBase"]
[SourceDate "2022.01.31"]
[SourceVersion "1"]
[SourceVersionDate "2022.01.31"]
[SourceQuality "1"]

1. e4 c5 2. Nf3 d6 3. d4 cxd4 4. Nxd4 Nf6 5. Nc3 g6 6. Bc4 Bg7 7. Be3 Nc6 8. f3 0-0 9. Bb3 Bd7 10. Qd2 Rc8 11. 0-0-0 Nxd4 12. Bxd4 b5 13. Nd5 Nxd5 14. Bxg7 Kxg7 15. exd5 a5 16. c3 Rc5 17. g4 f5 18. Qd4+ Kg8 19. h3 b4 20. c4 Qc7 21. Kb1 a4 22. Bc2 Rxc4 23. Qd2 Rc8 24. Bd3 Rd4 25. Qe3 Rxd5 26. Rc1 Rc5 27. Rxc5 Qxc5 28. Qxe7 Bb5 29. Qe6+ Kg7 30. Qe7+ Kg8 31. Qe6+ Kg7 32. Qe7+ Kg8 1/2-1/2

[Event "Titled Tuesday intern op 30th Nov"]
[Site "Chess.com INT"]
[Date "2021.11.30"]
[Round "4"]
[White "Findlay, Ian T"]
[Black "Tokman, Ariel"]
[Result "0-1"]
[WhiteElo "2156"]
[BlackElo "2295"]
[PlyCount "76"]
[EventDate "2021.11.30"]
[EventType "swiss (blitz)"]
[EventRounds "11"]
[EventCountry "USA"]
[SourceTitle "CBM 205 Extra"]
[Source "ChessBase"]
[SourceDate "2022.01.31"]
[SourceVersion "1"]
[SourceVersionDate "2022.01.31"]
[SourceQuality "1"]

1. e4 c5 2. Nf3 Nc6 3. d4 cxd4 4. Nxd4 Nf6 5. Nc3 e5 6. Ndb5 d6 7. Nd5 Nxd5 8. exd5 Nb8 9. a4 Be7 10. Be3 0-0 11. Be2 f5 12. f3 Nd7 13. 0-0 a6 14. Na3 Nf6 15. Nc4 Qc7 16. Nb6 Rb8 17. c4 Nd7 18. a5 Nxb6 19. Bxb6 Qd7 20. b4 Bf6 21. Rc1 Re8 22. c5 dxc5 23. bxc5 Qf7 24. Bc4 Kh8 25. Qb3 e4 26. fxe4 fxe4 27. c6 bxc6 28. dxc6 Be6 29. c7 Rbc8 30. Bxe6 Rxe6 31. Rfd1 e3 32. Rd8+ Bxd8 33. cxd8Q+ Rxd8 34. Bxd8 Qf2+ 35. Kh1 e2 36. h3 e1Q+ 37. Rxe1 Rxe1+ 38. Kh2 Qf4+ 0-1

[Event "Titled Tuesday intern op 23rd Nov"]
[Site "Chess.com INT"]
[Date "2021.11.23"]
[Round "5"]
[White "Czerw, Dawid"]
[Black "Findlay, Ian T"]
[Result "1-0"]
[WhiteElo "2396"]
[BlackElo "2156"]
[PlyCount "73"]
[EventDate "2021.11.23"]
[EventType "swiss (blitz)"]
[EventRounds "11"]
[EventCountry "USA"]
[SourceTitle "CBM 205 Extra"]
[Source "ChessBase"]
[SourceDate "2022.01.31"]
[SourceVersion "1"]
[SourceVersionDate "2022.01.31"]
[SourceQuality "1"]

1. d4 Nf6 2. c4 c5 3. d5 e6 4. Nc3 exd5 5. cxd5 d6 6. e4 g6 7. h3 Bg7 8. Nf3 a6 9. a4 Nbd7 10. Bd3 Nh5 11. g4 Nhf6 12. Bf4 Qe7 13. Qd2 c4 14. Bc2 Nc5 15. Qe2 0-0 16. Nd2 Re8 17. f3 Bd7 18. Nxc4 b5 19. Bxd6 Qd8 20. Bxc5 bxc4 21. 0-0 Rb8 22. Rab1 h5 23. Qf2 Nh7 24. Kg2 hxg4 25. fxg4 Ng5 26. Bd4 Bxd4 27. Qxd4 Qc8 28. Qf6 Bxg4 29. Qxg5 Bxh3+ 30. Kg1 Qc7 31. Qf4 Qc5+ 32. Qf2 Qe7 33. Rfe1 Qe5 34. Qh2 Bg4 35. Qxe5 Rxe5 36. Bd1 Rbe8 37. Bxg4 1-0

[Event "Titled Tuesday intern op 23rd Nov"]
[Site "Chess.com INT"]
[Date "2021.11.23"]
[Round "2"]
[White "Findlay, Ian T"]
[Black "Vypkhaniuk, Igor"]
[Result "0-1"]
[WhiteElo "2156"]
[BlackElo "2426"]
[PlyCount "60"]
[EventDate "2021.11.23"]
[EventType "swiss (blitz)"]
[EventRounds "11"]
[EventCountry "USA"]
[SourceTitle "CBM 205 Extra"]
[Source "ChessBase"]
[SourceDate "2022.01.31"]
[SourceVersion "1"]
[SourceVersionDate "2022.01.31"]
[SourceQuality "1"]

1. e4 c5 2. Nf3 d6 3. d4 cxd4 4. Nxd4 Nf6 5. Nc3 a6 6. h3 e5 7. Nb3 h5 8. Be2 Be7 9. Be3 b5 10. a4 bxa4 11. Rxa4 Nbd7 12. Nd5 Bb7 13. 0-0 Bxd5 14. exd5 Nb6 15. Rxa6 Nbxd5 16. Bb5+ Kf8 17. Bg5 Rxa6 18. Bxa6 g6 19. Bc4 Nb6 20. Be2 Kg7 21. f4 Ne4 22. Bxe7 Qxe7 23. fxe5 dxe5 24. Bf3 Rd8 25. Qe1 Nf6 26. Qh4 Rd6 27. Re1 Qc7 28. Qg3 Re6 29. c3 Nc4 30. Re2 Qb6+ 0-1